<?xml version="1.0" encoding="UTF-8"?>
<record
    xmlns:xsi="http://www.w3.org/2001/XMLSchema-instance"
    xsi:schemaLocation="http://www.loc.gov/MARC21/slim http://www.loc.gov/standards/marcxml/schema/MARC21slim.xsd"
    xmlns="http://www.loc.gov/MARC21/slim">

  <leader>00956nam a22002417a 4500</leader>
  <controlfield tag="003">SEM</controlfield>
  <controlfield tag="005">20230306113308.0</controlfield>
  <controlfield tag="008">220331s1913    gs ||||gr||||||01|0|arm|d</controlfield>
  <datafield tag="040" ind1=" " ind2=" ">
    <subfield code="a">SEM</subfield>
    <subfield code="c">SEM</subfield>
  </datafield>
  <datafield tag="041" ind1=" " ind2=" ">
    <subfield code="a">arm</subfield>
  </datafield>
  <datafield tag="080" ind1=" " ind2=" ">
    <subfield code="a">891.981-3/&#x544;-35</subfield>
  </datafield>
  <datafield tag="100" ind1=" " ind2=" ">
    <subfield code="a">&#x544;&#x561;&#x580;&#x563;&#x561;&#x580;</subfield>
    <subfield code="c">(1880-1944)</subfield>
    <subfield code="q">(&#x531;&#x57E;&#x565;&#x57F;&#x56B;&#x57D;&#x575;&#x561;&#x576; &#x544;&#x561;&#x580;&#x563;&#x561;&#x580; &#x544;&#x56F;&#x580;&#x57F;&#x579;&#x56B;)</subfield>
  </datafield>
  <datafield tag="245" ind1=" " ind2=" ">
    <subfield code="a">&#x54E;&#x567;&#x57A;&#x56B;&#x56F;&#x576;&#x565;&#x580; :</subfield>
    <subfield code="b">&#x554;&#x565;&#x57C;&#x56B;&#x576;: &#x546;&#x561;&#x574;&#x561;&#x56F;: &#x532;&#x578;&#x582;&#x584;&#x568;: &#x53F;&#x561;&#x575;&#x567;&#x576;&#x568; /</subfield>
    <subfield code="c">&#x544;&#x561;&#x580;&#x563;&#x561;&#x580;</subfield>
  </datafield>
  <datafield tag="246" ind1=" " ind2=" ">
    <subfield code="a">[&#x54E;&#x565;&#x57A;&#x56B;&#x56F;&#x576;&#x565;&#x580;] /</subfield>
  </datafield>
  <datafield tag="260" ind1=" " ind2=" ">
    <subfield code="a">&#x539;&#x56B;&#x586;&#x56C;&#x56B;&#x57D; :</subfield>
    <subfield code="b">&#x57F;&#x57A;. &#x546;. &#x531;&#x572;&#x561;&#x576;&#x565;&#x561;&#x576;&#x56B;,</subfield>
    <subfield code="b">&#x53F;&#x578;&#x57E;&#x56F;&#x561;&#x57D;&#x56B; &#x570;&#x561;&#x575;&#x578;&#x581; &#x570;&#x580;&#x561;&#x57F;. &#x568;&#x576;&#x56F;.,</subfield>
    <subfield code="c">1913.</subfield>
  </datafield>
  <datafield tag="300" ind1=" " ind2=" ">
    <subfield code="a">106 &#x567;&#x57B; ;</subfield>
    <subfield code="c">19 &#x57D;&#x574;</subfield>
  </datafield>
  <datafield tag="490" ind1=" " ind2=" ">
    <subfield code="a">&#x540;&#x561;&#x576;&#x580;&#x561;&#x575;&#x56B;&#x576; &#x574;&#x561;&#x57F;&#x565;&#x576;&#x561;&#x564;&#x561;&#x580;&#x561;&#x576; </subfield>
    <subfield code="v">18</subfield>
  </datafield>
  <datafield tag="650" ind1=" " ind2=" ">
    <subfield code="a">&#x540;&#x561;&#x575; &#x563;&#x580;&#x561;&#x56F;&#x561;&#x576;&#x578;&#x582;&#x569;&#x575;&#x578;&#x582;&#x576;</subfield>
    <subfield code="x">&#x561;&#x580;&#x571;&#x561;&#x56F;</subfield>
  </datafield>
  <datafield tag="653" ind1=" " ind2=" ">
    <subfield code="a">&#x54D;&#x537;&#x544;</subfield>
  </datafield>
  <datafield tag="830" ind1=" " ind2=" ">
    <subfield code="a">&#x540;&#x561;&#x576;&#x580;&#x561;&#x575;&#x56B;&#x576; &#x574;&#x561;&#x57F;&#x565;&#x576;&#x561;&#x564;&#x561;&#x580;&#x561;&#x576; </subfield>
    <subfield code="v">18</subfield>
  </datafield>
  <datafield tag="856" ind1=" " ind2=" ">
    <subfield code="u">https://haygirk.nla.am/upload/1512-1940/1901-1940/vepikner_margar_1913.pdf</subfield>
    <subfield code="y">&#x53F;&#x561;&#x580;&#x564;&#x561;&#x56C; &#x561;&#x57C;&#x581;&#x561;&#x576;&#x581;</subfield>
  </datafield>
  <datafield tag="942" ind1=" " ind2=" ">
    <subfield code="2">udc</subfield>
    <subfield code="c">BK</subfield>
  </datafield>
  <datafield tag="999" ind1=" " ind2=" ">
    <subfield code="c">50535</subfield>
    <subfield code="d">50535</subfield>
  </datafield>
  <datafield tag="952" ind1=" " ind2=" ">
    <subfield code="0">0</subfield>
    <subfield code="1">0</subfield>
    <subfield code="2">udc</subfield>
    <subfield code="4">0</subfield>
    <subfield code="7">0</subfield>
    <subfield code="8">&#x533;&#x580;&#x561;&#x57A;&#x561;&#x570;&#x578;&#x581;</subfield>
    <subfield code="a">SEM</subfield>
    <subfield code="b">SEM</subfield>
    <subfield code="d">2022-03-31</subfield>
    <subfield code="g">400.00</subfield>
    <subfield code="i">19762</subfield>
    <subfield code="l">0</subfield>
    <subfield code="o">891.981-3/&#x544;-35</subfield>
    <subfield code="p">19762</subfield>
    <subfield code="r">2014-11-16</subfield>
    <subfield code="w">2014-11-16</subfield>
    <subfield code="y">BK</subfield>
    <subfield code="z">&#x54D;&#x57A;&#x561;&#x57D;&#x561;&#x580;&#x56F;&#x57E;&#x578;&#x582;&#x574; &#x567; &#x568;&#x576;&#x569;&#x565;&#x580;&#x581;&#x561;&#x57D;&#x580;&#x561;&#x570;</subfield>
  </datafield>
  <datafield tag="952" ind1=" " ind2=" ">
    <subfield code="0">0</subfield>
    <subfield code="1">0</subfield>
    <subfield code="2">udc</subfield>
    <subfield code="4">0</subfield>
    <subfield code="7">0</subfield>
    <subfield code="8">&#x533;&#x580;&#x561;&#x57A;&#x561;&#x570;&#x578;&#x581;</subfield>
    <subfield code="a">SEM</subfield>
    <subfield code="b">SEM</subfield>
    <subfield code="d">2022-11-17</subfield>
    <subfield code="g">2000.00</subfield>
    <subfield code="i">34228</subfield>
    <subfield code="l">0</subfield>
    <subfield code="o">891.981-3/&#x544;-35</subfield>
    <subfield code="p">34228</subfield>
    <subfield code="r">2022-11-17</subfield>
    <subfield code="w">2022-11-17</subfield>
    <subfield code="y">BK</subfield>
    <subfield code="z">&#x54D;&#x57A;&#x561;&#x57D;&#x561;&#x580;&#x56F;&#x57E;&#x578;&#x582;&#x574; &#x567; &#x568;&#x576;&#x569;&#x565;&#x580;&#x581;&#x561;&#x57D;&#x580;&#x561;&#x570;</subfield>
  </datafield>
  <datafield tag="952" ind1=" " ind2=" ">
    <subfield code="0">0</subfield>
    <subfield code="1">0</subfield>
    <subfield code="2">udc</subfield>
    <subfield code="4">0</subfield>
    <subfield code="7">0</subfield>
    <subfield code="8">&#x533;&#x580;&#x561;&#x57A;&#x561;&#x570;&#x578;&#x581;</subfield>
    <subfield code="a">SEM</subfield>
    <subfield code="b">SEM</subfield>
    <subfield code="d">2022-11-17</subfield>
    <subfield code="g">2000.00</subfield>
    <subfield code="i">34229</subfield>
    <subfield code="l">0</subfield>
    <subfield code="o">891.981-3/&#x544;-35</subfield>
    <subfield code="p">34229</subfield>
    <subfield code="r">2022-11-17</subfield>
    <subfield code="w">2022-11-17</subfield>
    <subfield code="y">BK</subfield>
    <subfield code="z">&#x54D;&#x57A;&#x561;&#x57D;&#x561;&#x580;&#x56F;&#x57E;&#x578;&#x582;&#x574; &#x567; &#x568;&#x576;&#x569;&#x565;&#x580;&#x581;&#x561;&#x57D;&#x580;&#x561;&#x570;</subfield>
  </datafield>
</record>
